Language Identifying - Statistics

General Stats
  • This quiz has been taken 13 times
  • The average score is 28 of 34
Answer Stats
Picture Answer % Correct
Danish
100%
German
100%
Japanese
100%
Korean
100%
Mandarin Chinese
100%
Spanish
100%
Thai
100%
Arabic
91%
Dutch
91%
French
91%
Hebrew
91%
Hindi
91%
Norwegian
91%
Polish
91%
Portuguese
91%
Russian
91%
Swedish
91%
Vietnamese
91%
Filipino
82%
Finnish
82%
Greek
82%
Hawaiian
82%
Italian
82%
Ukrainian
82%
Welsh
82%
Indonesian
73%
Latin
73%
Romanian
73%
Scottish Gaelic
73%
Icelandic
64%
Irish
64%
Nepali
36%
Mongolian
27%
Turkish
27%
No matching quizzes found
Score Distribution
Percent of People with Each Score
Percentile by Number Answered
Your Score History
You have not taken this quiz